Sports kinanthropometry: An approach to enhancing sports performance (Record no. 394078)

MARC details
000 -LEADER
fixed length control field 00589 a2200205 4500
005 - DATE & TIME
control field 20260116153802.0
008 - FIXED-LENGTH DATA ELEMENTS--GENERAL INFORMATION
fixed length control field 260114b |||||||| |||| 00| 0 eng d
020 ## - ISBN
International Standard Book Number 9789359787886
Price Rs. 1995.00
040 ## - CATALOGING SOURCE
Original cataloging agency VIVEKANANDA LIBRARY
082 ## - DDC NUMBER
Classification number 796.01
Book Number P884S
100 ## - MAIN ENTRY--PERSONAL NAME
Personal name Prajapati, Sanjay Kumar
245 ## - TITLE STATEMENT
Title Sports kinanthropometry: An approach to enhancing sports performance
260 ## - PUBLICATION, DISTRIBUTION, ETC. (IMPRINT)
Name of publisher, distributor, etc Friends Publications (India)
Date of publication, distribution, etc 2025
Place of publication, distribution, etc New Delhi
300 ## - PHYSICAL DESCRIPTION
Pages 215
650 ## - Subject
Subject Physical Education
650 ## - Subject
Subject Sports
650 ## - Subject
Subject Kinanthropometry
700 ## - Added Entry Personal Name
Added Entry Personal Name Patil, Sanjeev S
942 ## - ADDED ENTRY ELEMENTS (KOHA)
Koha item type Books
Holdings
Withdrawn status Lost status Source of classification or shelving scheme Damaged status Not for loan Location (home branch) Sublocation or collection (holding branch) Shelving location Date acquired Koha issues (times borrowed) Koha full call number Accession No. Koha date last seen Koha item type
    Dewey Decimal Classification     VIVEKANANDA LIBRARY VIVEKANANDA LIBRARY Vivekananda Library 12/12/2025   796.01 P884S 443638 12/12/2025 Books
© Designed and Maintained by Vivekananda Library, MDU Rohtak